[Event "IX Floripa Chess Open Fort Atacadista"]
[Site "Florianópolis - Santa Catari"]
[Date "2023.01.23"]
[Round "1.133"]
[White "Silva, Henrique Brasil Bar"]
[Black "Oliveira, Danyel Angelo Aquin"]
[Result "0-1"]
[WhiteElo "1325"]
[BlackElo "1954"]
[PlyCount "52"]
[EventDate "2023.01.23"]
[EventRounds "10"]
[EventCountry "BRA"]

1. e4 c5 2. c3 Nf6 3. e5 Nd5 4. d4 cxd4 5. Nf3 Nc6 6. cxd4 d6 7. Bc4 dxe5 8.
Nxe5 Be6 9. Nxc6 bxc6 10. Be2 g6 11. Nc3 Bg7 12. Nxd5 Bxd5 13. Bf3 O-O 14. O-O
Rb8 15. Re1 e6 16. b3 Bxf3 17. Qxf3 Bxd4 18. Rd1 Qb6 19. Rb1 Rfd8 20. Rxd4 Qxd4
21. Bb2 Qd3 22. Qxd3 Rxd3 23. Kf1 Rbd8 24. Ke1 R3d5 25. Bf6 R8d7 26. Rb2 Rf5
0-1

[Event "IX Floripa Chess Open Fort Atacadista"]
[Site "Florianópolis - Santa Catari"]
[Date "2023.01.23"]
[Round "1.134"]
[White "Carvalho Jr, Celestino"]
[Black "Fugimoto, Rafael Aoki"]
[Result "1-0"]
[WhiteElo "1953"]
[BlackElo "1317"]
[PlyCount "115"]
[EventDate "2023.01.23"]
[EventRounds "10"]
[EventCountry "BRA"]

1. e4 c5 2. Nf3 e6 3. d3 Nc6 4. g3 a6 5. Bg2 b5 6. O-O Bb7 7. c3 Qc7 8. d4 cxd4
9. cxd4 d6 10. Re1 Be7 11. Bf4 Nf6 12. Nc3 O-O 13. Rc1 Qd7 14. Bh3 Qd8 15. a3
d5 16. e5 Nd7 17. b4 Nb6 18. Rc2 Nc4 19. Bc1 Qb6 20. Bf1 a5 21. Bxc4 bxc4 22.
b5 Na7 23. a4 Bb4 24. Re3 Nc8 25. Na2 Ne7 26. g4 Ng6 27. Ba3 Bxa3 28. Rxa3 Nf4
29. Nc1 Bc8 30. Qd2 Ng6 31. g5 Bd7 32. Ne2 Rac8 33. Ng3 Rc7 34. h4 Ne7 35. Nh2
Nf5 36. Nxf5 exf5 37. Nf1 Ra8 38. Ne3 Be6 39. Ra1 f4 40. Nf1 Bf5 41. Rc3 Be4
42. f3 Bd3 43. Qxf4 Bxf1 44. Rxf1 Qe6 45. Rb1 Qb6 46. Kg2 Re8 47. Kg3 Re6 48.
Qd2 h6 49. f4 Ree7 50. f5 h5 51. Rf1 Rc8 52. Rf4 Kh8 53. Qe3 Rb7 54. Qf3 g6 55.
Qxd5 Re7 56. Rxc4 Rcc7 57. Rc6 Rxc6 58. bxc6 1-0

[Event "IX Floripa Chess Open Fort Atacadista"]
[Site "Florianópolis - Santa Catari"]
[Date "2023.01.23"]
[Round "1.135"]
[White "Calsing, Enzo Guedes"]
[Black "Gazola, Vanessa Ramos"]
[Result "0-1"]
[WhiteElo "1316"]
[BlackElo "1949"]
[PlyCount "114"]
[EventDate "2023.01.23"]
[EventRounds "10"]
[EventCountry "BRA"]

1. d4 Nf6 2. c4 g6 3. Nc3 d5 4. cxd5 Nxd5 5. Nf3 Bg7 6. e3 O-O 7. Bc4 Nb6 8.
Be2 Nc6 9. O-O e5 10. dxe5 Nxe5 11. Nxe5 Bxe5 12. Qxd8 Rxd8 13. Rd1 Be6 14. Bd2
Nc4 15. Bxc4 Bxc4 16. Rac1 c6 17. b3 Ba6 18. Be1 Kf8 19. f4 Bc7 20. Rxd8+ Rxd8
21. Rd1 Re8 22. Kf2 Bb6 23. Bd2 Rd8 24. Bc1 Rxd1 25. Nxd1 Ba5 26. Bb2 Bd3 27.
Nc3 b5 28. a3 f5 29. b4 Bb6 30. Ne2 c5 31. bxc5 Bxc5 32. Nd4 Bc4 33. h3 Ke7 34.
g4 Bd3 35. gxf5 gxf5 36. Ke1 b4 37. axb4 Bxb4+ 38. Kd1 Kd6 39. Nf3 Kd5 40. Ne5
Bf1 41. h4 Bc5 42. Kd2 Ke4 43. Nf7 Bxe3+ 44. Ke1 Bc4 45. Ng5+ Kxf4 46. Nxh7 Kg4
47. Nf8 f4 48. Ng6 Bb5 49. Nxf4 Bxf4 50. Bf6 Bd3 51. Kd1 a5 52. Bg5 Be5 53. Kc1
a4 54. Be7 Kf3 55. h5 Ke3 56. Ba3 Bc3 57. Bb2 Kd4 0-1

[Event "IX Floripa Chess Open Fort Atacadista"]
[Site "Florianópolis - Santa Catari"]
[Date "2023.01.23"]
[Round "1.136"]
[White "Ferraz, Michel Liah"]
[Black "Zottis, Pietro"]
[Result "1-0"]
[WhiteElo "1947"]
[BlackElo "1316"]
[PlyCount "61"]
[EventDate "2023.01.23"]
[EventRounds "10"]
[EventCountry "BRA"]

1. e4 c6 2. d4 d5 3. f3 e6 4. e5 c5 5. c3 Nc6 6. f4 cxd4 7. cxd4 Nge7 8. Nf3
Qb6 9. Nc3 a6 10. Bd3 Bd7 11. Bb1 Rc8 12. O-O Ng6 13. Kh1 Be7 14. f5 exf5 15.
Nxd5 Qd8 16. Ne3 f4 17. Nd5 Bg4 18. Be4 O-O 19. h3 Bh5 20. Qd3 Kh8 21. Bd2 f5
22. exf6 Bxf6 23. Bc3 Bxf3 24. Rxf3 b5 25. a3 Re8 26. Raf1 Qd6 27. Bxg6 hxg6
28. Nxf6 Qxf6 29. Rxf4 Qe7 30. Qxg6 Qe6 31. Rf8+ 1-0

[Event "IX Floripa Chess Open Fort Atacadista"]
[Site "Florianópolis - Santa Catari"]
[Date "2023.01.23"]
[Round "1.137"]
[White "Altenhofen, Rafael Graneto"]
[Black "Pontes, Israel Fillip Da Si"]
[Result "0-1"]
[WhiteElo "1315"]
[BlackElo "1947"]
[PlyCount "70"]
[EventDate "2023.01.23"]
[EventRounds "10"]
[EventCountry "BRA"]

1. d4 d5 2. c4 e6 3. Nc3 Be7 4. Bf4 Nf6 5. Nf3 O-O 6. e3 a6 7. Be2 dxc4 8. Bxc4
b5 9. Bd3 Bb7 10. O-O Nbd7 11. Rc1 Rc8 12. h3 c5 13. dxc5 Nxc5 14. Be2 Qb6 15.
b4 Nce4 16. Nxe4 Nxe4 17. Qb3 Bf6 18. Ne5 Nd2 19. Nd7 Rxc1 20. Nxb6 Nxb3 21.
axb3 Rxf1+ 22. Kxf1 Rd8 23. Bc7 Rd2 24. Bh5 Bc3 25. g3 Bxb4 26. Bf4 Bc5 27. Bc7
Bd6 28. Ke1 Bxc7 29. Kxd2 Bxb6 30. Kc3 a5 31. Be2 Bc6 32. Kd3 Kf8 33. f4 Ke7
34. e4 Kd6 35. g4 Kc5 0-1

[Event "IX Floripa Chess Open Fort Atacadista"]
[Site "Florianópolis - Santa Catari"]
[Date "2023.01.23"]
[Round "1.138"]
[White "Caceres Benitez, Arturo Eduardo"]
[Black "Guerreiro, Heitor Koffermann"]
[Result "1-0"]
[WhiteElo "1944"]
[BlackElo "1313"]
[PlyCount "33"]
[EventDate "2023.01.23"]
[EventRounds "10"]
[EventCountry "BRA"]

1. e4 c5 2. Nf3 d6 3. d4 cxd4 4. Nxd4 Nf6 5. Nc3 a6 6. Bg5 e6 7. f4 Be7 8. Qf3
O-O 9. O-O-O Nbd7 10. Bd3 Nc5 11. e5 dxe5 12. fxe5 Nfd7 13. Bxe7 Qxe7 14. Qf4
b5 15. Bxh7+ Kxh7 16. Nc6 Qe8 17. Qh4+ 1-0

[Event "IX Floripa Chess Open Fort Atacadista"]
[Site "Florianópolis - Santa Catari"]
[Date "2023.01.23"]
[Round "1.139"]
[White "Cheres, Beatriz Fernanda Sa"]
[Black "De Souza, Felipe Guimaraes"]
[Result "0-1"]
[WhiteElo "1312"]
[BlackElo "1943"]
[PlyCount "46"]
[EventDate "2023.01.23"]
[EventRounds "10"]
[EventCountry "BRA"]

1. e4 c5 2. Nf3 e6 3. d4 cxd4 4. Nxd4 a6 5. Bc4 Nf6 6. Bg5 Qa5+ 7. Bd2 Qc5 8.
Nxe6 dxe6 9. Bd3 Nc6 10. O-O e5 11. h3 Be6 12. Be3 Qa5 13. Bg5 Be7 14. Nc3 Nb4
15. a3 Nxd3 16. Qxd3 Rd8 17. Qf3 O-O 18. Bxf6 Bxf6 19. Rad1 Rd4 20. Ne2 Rxd1
21. Rxd1 Rd8 22. Rc1 Bg5 23. b4 Qa4 0-1

[Event "IX Floripa Chess Open Fort Atacadista"]
[Site "Florianópolis - Santa Catari"]
[Date "2023.01.23"]
[Round "1.140"]
[White "Soares, Renan Barbosa Monte"]
[Black "Feller, Isadora Cristina Vi"]
[Result "1-0"]
[WhiteElo "1941"]
[BlackElo "1310"]
[PlyCount "57"]
[EventDate "2023.01.23"]
[EventRounds "10"]
[EventCountry "BRA"]

1. d4 d5 2. c4 c6 3. Nf3 Nf6 4. Nc3 dxc4 5. e4 b5 6. e5 Nd5 7. a4 b4 8. Ne4 Bf5
9. Ng3 Bg6 10. Bxc4 e6 11. Bg5 Be7 12. Qd2 Nd7 13. O-O N7b6 14. Bb3 a5 15. Rac1
Rc8 16. Rc5 Qc7 17. Bxe7 Nxe7 18. Ng5 Nbd5 19. N5e4 O-O 20. Nd6 Ra8 21. Rfc1
Rfb8 22. f3 Rb6 23. Nge4 Qd7 24. g4 h5 25. h3 hxg4 26. hxg4 Bxe4 27. fxe4 Nc7
28. Qe3 Rbb8 29. Rd1 1-0

[Event "IX Floripa Chess Open Fort Atacadista"]
[Site "Florianópolis - Santa Catari"]
[Date "2023.01.23"]
[Round "1.141"]
[White "Flesch, Lucas Henrique Ye"]
[Black "Seccafim, Caic Dos Santos"]
[Result "0-1"]
[WhiteElo "1306"]
[BlackElo "1936"]
[PlyCount "58"]
[EventDate "2023.01.23"]
[EventRounds "10"]
[EventCountry "BRA"]

1. e4 d6 2. d4 Nf6 3. Nc3 g6 4. Nf3 Bg7 5. Bc4 O-O 6. Be3 c6 7. a4 Bg4 8. h3
Bxf3 9. Qxf3 Nbd7 10. g4 e5 11. d5 Nb6 12. Bxb6 Qxb6 13. dxc6 bxc6 14. O-O Rad8
15. Rfd1 Rd7 16. Bb3 Rfd8 17. Rab1 Qc5 18. Rd3 d5 19. g5 Nh5 20. exd5 Nf4 21.
Ne4 Qb6 22. Rd2 cxd5 23. Nc3 Qe6 24. Kh2 e4 25. Qxf4 d4 26. Ne2 Qe7 27. Kh1 Be5
28. Qg4 d3 29. Ng3 Qb4 0-1

[Event "IX Floripa Chess Open Fort Atacadista"]
[Site "Florianópolis - Santa Catari"]
[Date "2023.01.23"]
[Round "1.142"]
[White "Heinechen, John"]
[Black "Borba Da Rosa, Rodrigo"]
[Result "1-0"]
[WhiteElo "1935"]
[BlackElo "1304"]
[PlyCount "55"]
[EventDate "2023.01.23"]
[EventRounds "10"]
[EventCountry "BRA"]

1. e4 c5 2. Nf3 d6 3. d4 cxd4 4. Nxd4 Nf6 5. Nc3 a6 6. Bg5 e5 7. Nf5 Bxf5 8.
exf5 Be7 9. Qf3 Qb6 10. O-O-O Nbd7 11. Be3 Qc7 12. g4 Rc8 13. g5 e4 14. Qe2 Ng8
15. Nxe4 Ne5 16. f4 Nc4 17. Bd4 f6 18. Nc3 Nb6 19. Bg2 h5 20. Rhe1 Qd7 21. Bxb6
fxg5 22. Nd5 gxf4 23. Rd4 Kf7 24. Qe6+ Qxe6 25. fxe6+ Kg6 26. Nxf4+ Kf5 27.
Bh3+ Kg5 28. Rd5+ 1-0

[Event "IX Floripa Chess Open Fort Atacadista"]
[Site "Florianópolis - Santa Catari"]
[Date "2023.01.23"]
[Round "1.143"]
[White "Souza, Ramon Santana De"]
[Black "Ramazzotte, Esther Zilli"]
[Result "1-0"]
[WhiteElo "1933"]
[BlackElo "1291"]
[PlyCount "83"]
[EventDate "2023.01.23"]
[EventRounds "10"]
[EventCountry "BRA"]

1. e4 c6 2. d4 d5 3. e5 c5 4. dxc5 Nc6 5. Nf3 Bg4 6. Bb5 e6 7. b4 Nge7 8. Bg5
Qc7 9. Qd4 Bxf3 10. gxf3 Nf5 11. Qb2 h6 12. Be3 Rd8 13. Bd4 g6 14. c3 Bg7 15.
Qe2 O-O 16. Bxc6 Qxc6 17. a4 Ra8 18. Nd2 Qc7 19. f4 b6 20. Nb3 Rab8 21. Rb1
bxc5 22. Bxc5 Rfc8 23. O-O Qd7 24. Qa6 f6 25. Nd4 Re8 26. Rfe1 fxe5 27. fxe5
Nxd4 28. cxd4 Bf8 29. b5 Rec8 30. Bxa7 Rb7 31. b6 Qe7 32. Qd3 Qg5+ 33. Qg3 Qd2
34. Qg4 Rc2 35. Rf1 Rc6 36. Rfd1 Qc2 37. a5 h5 38. Qg5 Be7 39. Qd2 Qf5 40. Qd3
Qg4+ 41. Qg3 Qf5 42. a6 1-0

[Event "IX Floripa Chess Open Fort Atacadista"]
[Site "Florianópolis - Santa Catari"]
[Date "2023.01.23"]
[Round "1.144"]
[White "Bieging, Luca Jurgen"]
[Black "Reichert, Thiago Da Cruz"]
[Result "0-1"]
[WhiteElo "1290"]
[BlackElo "1930"]
[PlyCount "72"]
[EventDate "2023.01.23"]
[EventRounds "10"]
[EventCountry "BRA"]

1. c4 Nf6 2. g3 e5 3. Bg2 c6 4. e4 Bc5 5. Ne2 O-O 6. O-O d6 7. Nbc3 a6 8. d4
Ba7 9. Be3 Bg4 10. dxe5 dxe5 11. Qxd8 Rxd8 12. Bxa7 Rxa7 13. Rfd1 Rc8 14. h3
Be6 15. c5 Nbd7 16. b4 a5 17. a3 Rca8 18. Rab1 Kf8 19. Kf1 Ke7 20. Ke1 axb4 21.
axb4 Ra3 22. Kd2 Bc4 23. Rb2 Ne8 24. Rdb1 Nc7 25. f4 Ne6 26. f5 Nd4 27. g4 Nxe2
28. Nxe2 Rd3+ 29. Ke1 Raa3 30. Kf2 h6 31. h4 Nf6 32. g5 Ng4+ 33. Kg1 Re3 34.
Nc1 Re1+ 35. Bf1 Rxf1+ 36. Kg2 Re1 0-1

[Event "IX Floripa Chess Open Fort Atacadista"]
[Site "Florianópolis - Santa Catari"]
[Date "2023.01.23"]
[Round "1.145"]
[White "Fischer, Ivo Lucio"]
[Black "Mesquita, Victor Noronha"]
[Result "1/2-1/2"]
[WhiteElo "1926"]
[BlackElo "1289"]
[PlyCount "58"]
[EventDate "2023.01.23"]
[EventRounds "10"]
[EventCountry "BRA"]

1. d4 d5 2. c4 c6 3. Nf3 Nf6 4. Nc3 a6 5. e3 b5 6. cxd5 cxd5 7. Bd3 Bb7 8. O-O
Nbd7 9. Bd2 e6 10. Rc1 Bd6 11. Ne2 O-O 12. Ng3 Ne4 13. Qe2 Qe7 14. Rfd1 Nb6 15.
b3 Ba3 16. Rc2 Rac8 17. Be1 h6 18. Ne5 Bd6 19. Rdc1 Bxe5 20. dxe5 Nxg3 21. hxg3
Nd7 22. Bc3 Qg5 23. Bd4 Qe7 24. f4 Rxc2 25. Rxc2 Rc8 26. Kf2 Rxc2 27. Qxc2 Qe8
28. Ke2 Qc8 29. Qxc8+ Bxc8 1/2-1/2

[Event "IX Floripa Chess Open Fort Atacadista"]
[Site "Florianópolis - Santa Catari"]
[Date "2023.01.23"]
[Round "1.146"]
[White "Arosteguy, Vitor Augusto Colac"]
[Black "Rodriguez Farias, Eduardo"]
[Result "0-1"]
[WhiteElo "1286"]
[BlackElo "1919"]
[PlyCount "60"]
[EventDate "2023.01.23"]
[EventRounds "10"]
[EventCountry "BRA"]

1. e4 c5 2. Nf3 a6 3. d4 cxd4 4. Nxd4 Nf6 5. Nc3 e5 6. Nf3 Bb4 7. Bd2 d6 8. Bd3
Bg4 9. Nd5 Nxd5 10. exd5 Bxf3 11. Qxf3 Bxd2+ 12. Kxd2 O-O 13. h4 Nd7 14. g4 Qf6
15. Bf5 g6 16. Be4 Qg7 17. g5 f5 18. gxf6 Rxf6 19. Qe3 Nc5 20. f3 Raf8 21. h5
Nxe4+ 22. Qxe4 Rf4 23. Qe3 Rxf3 24. Qe4 Qh6+ 25. Ke2 Rf2+ 26. Kd3 Qd2+ 27. Kc4
b5+ 28. Kb3 R8f3+ 29. Qxf3 Qxc2+ 30. Ka3 Qxb2# 0-1

[Event "IX Floripa Chess Open Fort Atacadista"]
[Site "Florianópolis - Santa Catari"]
[Date "2023.01.23"]
[Round "1.147"]
[White "Schena, Arthur"]
[Black "Torrico Castro, Raikonen Dairo"]
[Result "1-0"]
[WhiteElo "1918"]
[BlackElo "1286"]
[PlyCount "71"]
[EventDate "2023.01.23"]
[EventRounds "10"]
[EventCountry "BRA"]

1. Nf3 d5 2. g3 Nf6 3. Bg2 e6 4. O-O c5 5. d3 Nc6 6. Nbd2 Be7 7. e4 dxe4 8.
dxe4 O-O 9. e5 Nd5 10. a3 Qc7 11. c4 Nb6 12. Qe2 Nd7 13. Re1 b6 14. Nf1 Bb7 15.
Bf4 Rfe8 16. h4 Nd4 17. Nxd4 cxd4 18. Bxb7 Qxb7 19. Rad1 Rad8 20. Rxd4 f6 21.
exf6 Bxf6 22. Rd6 e5 23. Bg5 Bxg5 24. hxg5 Qc7 25. Red1 a5 26. Qd2 Re7 27. Qd5+
Kh8 28. Ne3 Qc8 29. Nf5 Ree8 30. Rxd7 Qxd7 31. Qxd7 Rxd7 32. Rxd7 g6 33. Nd6
Rf8 34. Ne4 h5 35. Nf6 Rxf6 36. gxf6 1-0

[Event "IX Floripa Chess Open Fort Atacadista"]
[Site "Florianópolis - Santa Catari"]
[Date "2023.01.23"]
[Round "1.148"]
[White "Lima, Yuri Ramos Santos"]
[Black "Muzzi, Eduardo"]
[Result "0-1"]
[WhiteElo "1284"]
[BlackElo "1917"]
[PlyCount "120"]
[EventDate "2023.01.23"]
[EventRounds "10"]
[EventCountry "BRA"]

1. d4 Nf6 2. c4 c5 3. d5 b5 4. cxb5 a6 5. Nc3 g6 6. Nf3 d6 7. e4 Nbd7 8. bxa6
Bxa6 9. Bxa6 Rxa6 10. O-O Bg7 11. Qe2 Ra8 12. Re1 O-O 13. Bg5 Qb6 14. Qd2 Rfb8
15. Rab1 Qc7 16. Qe2 Nb6 17. b3 Qd7 18. Qd2 Ng4 19. h3 Ne5 20. Nxe5 Bxe5 21.
Ne2 Qa7 22. f4 Bg7 23. Nc3 Qa5 24. Rbc1 Bd4+ 25. Kh1 f6 26. Bh4 Nd7 27. Qd3
Bxc3 28. Rxc3 Qxa2 29. Re2 Qa6 30. Qc2 Rb4 31. Be1 Rab8 32. Rce3 R4b5 33. Rf2
Qb7 34. Rff3 Ra8 35. Kh2 Rc8 36. Rc3 Rb8 37. Qd3 Ra8 38. Rc2 Ra3 39. Rb2 Qa6
40. Qc2 Rb8 41. Rb1 Ra2 42. Rb2 Rxb2 43. Qxb2 Qb5 44. Qc2 Ra8 45. Bc3 c4 46.
Bd4 Rc8 47. Rc3 Rb8 48. bxc4 Qb4 49. c5 Qxd4 50. c6 Nc5 51. Rc4 Qe3 52. g3 Rb3
53. Qg2 Rb8 54. Qc2 Qa3 55. Rc3 Qa7 56. Rc4 Qc7 57. Rc3 Rb4 58. Rc4 Rb5 59. Rc3
Qb6 60. h4 Rb2 0-1

[Event "IX Floripa Chess Open Fort Atacadista"]
[Site "Florianópolis - Santa Catari"]
[Date "2023.01.23"]
[Round "1.149"]
[White "Martins, Marlos Da Rosa"]
[Black "Feller, Gabriela Luisa Vice"]
[Result "0-1"]
[WhiteElo "1276"]
[BlackElo "1914"]
[PlyCount "62"]
[EventDate "2023.01.23"]
[EventRounds "10"]
[EventCountry "BRA"]

1. Nf3 d5 2. c4 d4 3. e3 Nc6 4. exd4 Nxd4 5. Nxd4 Qxd4 6. d3 Nh6 7. Be2 e5 8.
Nc3 c6 9. Be3 Qd6 10. d4 Nf5 11. d5 Nxe3 12. fxe3 Qh6 13. Qd3 Bc5 14. Bf3 O-O
15. e4 f5 16. exf5 Bxf5 17. Be4 Bg4 18. Nd1 Bd4 19. Qd2 Rf4 20. Bd3 e4 21. Be2
e3 22. Qc2 Bxe2 23. Qxe2 Re8 24. Rc1 Rf2 25. Qd3 e2 26. Qxd4 exd1=Q+ 27. Kxd1
Ree2 28. Qc3 Rd2+ 29. Ke1 Rfe2+ 30. Kf1 Qf4+ 31. Qf3 Rf2+ 0-1

[Event "IX Floripa Chess Open Fort Atacadista"]
[Site "Florianópolis - Santa Catari"]
[Date "2023.01.23"]
[Round "1.150"]
[White "Da Luz, Felipe Garcia"]
[Black "Vaz, Vania Dora Madona"]
[Result "1-0"]
[WhiteElo "1914"]
[BlackElo "1267"]
[PlyCount "45"]
[EventDate "2023.01.23"]
[EventRounds "10"]
[EventCountry "BRA"]

1. e4 e6 2. Qe2 Be7 3. f4 d5 4. d3 c5 5. Nf3 b6 6. e5 Nh6 7. g3 Nf5 8. c3 O-O
9. Bg2 Bb7 10. O-O Nc6 11. Na3 Ba6 12. Nc2 h6 13. b3 b5 14. g4 Nh4 15. Nxh4
Bxh4 16. f5 Bg5 17. f6 gxf6 18. Bxg5 fxg5 19. Rf6 Kg7 20. Raf1 Qc7 21. Qe3 b4
22. Rxh6 f6 23. Rfxf6 1-0

[Event "IX Floripa Chess Open Fort Atacadista"]
[Site "Florianópolis - Santa Catari"]
[Date "2023.01.23"]
[Round "1.151"]
[White "Santana, Luiz Alberto"]
[Black "Bassani, Jaison Jose"]
[Result "0-1"]
[WhiteElo "1253"]
[BlackElo "1913"]
[PlyCount "44"]
[EventDate "2023.01.23"]
[EventRounds "10"]
[EventCountry "BRA"]

1. d4 g6 2. Nf3 Nf6 3. e3 Bg7 4. b3 c5 5. Nc3 cxd4 6. Nxd4 Nc6 7. Bb2 O-O 8.
Be2 d5 9. O-O e5 10. Nf3 h6 11. Rb1 Be6 12. a3 Rc8 13. b4 e4 14. Nd4 Nxd4 15.
Qxd4 Ng4 16. Qd2 Nxh2 17. Kxh2 Qc7+ 18. Kg1 Bxc3 19. Bxc3 Qxc3 20. Qxc3 Rxc3
21. Rfc1 Rfc8 22. Rb2 Rxa3 0-1

[Event "IX Floripa Chess Open Fort Atacadista"]
[Site "Florianópolis - Santa Catari"]
[Date "2023.01.23"]
[Round "1.152"]
[White "Bail, Ellen Larissa"]
[Black "Soares, Suyane"]
[Result "1-0"]
[WhiteElo "1913"]
[BlackElo "1250"]
[PlyCount "69"]
[EventDate "2023.01.23"]
[EventRounds "10"]
[EventCountry "BRA"]

1. d4 d5 2. Nf3 e6 3. g3 c5 4. Bg2 Nc6 5. O-O Nf6 6. c4 Be7 7. Nc3 O-O 8. e3 b6
9. cxd5 exd5 10. Ne5 Bb7 11. Nxc6 Bxc6 12. dxc5 Bxc5 13. Qb3 Qd7 14. Rd1 Rfd8
15. a4 Qf5 16. Nb5 a6 17. Nd4 Bxd4 18. exd4 b5 19. a5 Rac8 20. Bf4 h6 21. Rac1
g5 22. Bd2 Re8 23. Re1 Ne4 24. Be3 h5 25. Qd1 Nf6 26. Rc5 h4 27. Qc1 Ba8 28.
Rd1 Rxc5 29. dxc5 Ng4 30. Bd4 Re2 31. Rd2 Rxd2 32. Qxd2 Qb1+ 33. Bf1 Nxh2 34.
Qxg5+ Kf8 35. Bg7+ 1-0

[Event "IX Floripa Chess Open Fort Atacadista"]
[Site "Florianópolis - Santa Catari"]
[Date "2023.01.23"]
[Round "1.153"]
[White "Abilhoa, Felipe Auer"]
[Black "Andrade, Guilherme A. De Sou"]
[Result "0-1"]
[WhiteElo "1249"]
[BlackElo "1913"]
[PlyCount "80"]
[EventDate "2023.01.23"]
[EventRounds "10"]
[EventCountry "BRA"]

1. e4 c5 2. Nf3 e6 3. Nc3 a6 4. d3 Nc6 5. Be2 Nf6 6. O-O d6 7. Bf4 Be7 8. Qd2
O-O 9. h3 b5 10. a3 Bb7 11. Rfe1 Qc7 12. Rab1 Rac8 13. a4 Qb6 14. e5 dxe5 15.
Nxe5 Rfd8 16. Nxc6 Bxc6 17. axb5 axb5 18. Ra1 Qb7 19. Qe3 b4 20. Nd1 Nd5 21.
Qg3 Nxf4 22. Qxf4 Bxg2 23. Ne3 Bxh3 24. Qg3 Bf5 25. d4 Qc7 26. Qxc7 Rxc7 27.
Ra2 cxd4 28. Nxf5 exf5 29. Rea1 b3 30. cxb3 d3 31. Bf3 d2 32. Ra8 Rc1+ 33. Rxc1
dxc1=Q+ 34. Kg2 Rxa8 35. Bxa8 Qxb2 36. Bf3 Bc5 37. Kg3 Qxf2+ 38. Kf4 Bd6+ 39.
Kxf5 Qxf3+ 40. Kg5 Be7# 0-1

[Event "IX Floripa Chess Open Fort Atacadista"]
[Site "Florianópolis - Santa Catari"]
[Date "2023.01.23"]
[Round "1.154"]
[White "Bassani, Eduardo"]
[Black "De Souza, Joao Francisco Biz"]
[Result "1-0"]
[WhiteElo "1912"]
[BlackElo "1249"]
[PlyCount "86"]
[EventDate "2023.01.23"]
[EventRounds "10"]
[EventCountry "BRA"]

1. d4 e6 2. e4 d5 3. Nc3 Nf6 4. Bg5 Be7 5. e5 Nfd7 6. h4 Bxg5 7. hxg5 Qxg5 8.
Nf3 Qe7 9. Qd3 h6 10. O-O-O Nb6 11. g4 g5 12. Qe3 Qf8 13. Bd3 Bd7 14. Rh5 Nc6
15. Rdh1 O-O-O 16. Nxg5 Qg7 17. Nf3 Qxg4 18. R5h4 Qg7 19. b3 Nb4 20. Bf1 Qg6
21. Ne1 Rdg8 22. Nd3 a5 23. a3 Nxd3+ 24. Bxd3 Qg5 25. Qxg5 Rxg5 26. Rxh6 Rhg8
27. Rh8 Be8 28. f4 Rg4 29. f5 Kd7 30. Rxg8 Rxg8 31. f6 c6 32. Ne2 Kd8 33. Kd2
Nd7 34. Rh7 Nf8 35. Rg7 Rh8 36. a4 Rh3 37. Kc3 Ng6 38. b4 b6 39. bxa5 bxa5 40.
Kd2 Nh4 41. Nf4 Rh2+ 42. Kc3 Kd7 43. Rg8 Nf3 1-0

[Event "IX Floripa Chess Open Fort Atacadista"]
[Site "Florianópolis - Santa Catari"]
[Date "2023.01.23"]
[Round "1.155"]
[White "Tischler Lema Garcia, Maria Eduarda"]
[Black "Cavalcante, Adriano Nunes"]
[Result "0-1"]
[WhiteElo "1246"]
[BlackElo "1909"]
[PlyCount "88"]
[EventDate "2023.01.23"]
[EventRounds "10"]
[EventCountry "BRA"]

1. c4 c6 2. e4 d5 3. exd5 cxd5 4. cxd5 Nf6 5. Nc3 Nxd5 6. Nf3 Nc6 7. d4 e6 8.
Qb3 Be7 9. Bd3 O-O 10. O-O Bf6 11. Bd2 Nxd4 12. Nxd4 Bxd4 13. Ne4 Nf6 14. Nxf6+
Bxf6 15. Rfd1 Qb6 16. Rab1 Qxb3 17. axb3 Bd7 18. Be3 Bc6 19. Rd2 Rfd8 20. Rbd1
g6 21. Bc4 a6 22. Bb6 Rxd2 23. Rxd2 Kf8 24. b4 Ke8 25. h3 Be7 26. Bc5 Rd8 27.
Rxd8+ Kxd8 28. Bb6+ Kd7 29. Ba5 Bd5 30. Bd3 Bf6 31. b5 axb5 32. Bxb5+ Bc6 33.
Bxc6+ Kxc6 34. Bc3 Bxc3 35. bxc3 Kc5 36. Kf1 Kc4 37. Ke1 Kxc3 38. Kd1 e5 39. g4
f5 40. Ke2 b5 41. Kd1 e4 42. Kc1 b4 43. Kd1 f4 44. Ke2 Kc2 0-1

[Event "IX Floripa Chess Open Fort Atacadista"]
[Site "Florianópolis - Santa Catari"]
[Date "2023.01.23"]
[Round "1.156"]
[White "Bastos, Guilherme Exterhott"]
[Black "Guerra, Frederico Cavalcant"]
[Result "1-0"]
[WhiteElo "1902"]
[BlackElo "1239"]
[PlyCount "53"]
[EventDate "2023.01.23"]
[EventRounds "10"]
[EventCountry "BRA"]

1. d4 d5 2. Bf4 e6 3. e3 Nf6 4. Nd2 Be7 5. h3 Nbd7 6. Ngf3 Bd6 7. Bxd6 cxd6 8.
Be2 e5 9. O-O O-O 10. c3 e4 11. Nh2 Re8 12. Qb3 Nb6 13. Rae1 Be6 14. f4 exf3
15. Bxf3 Ne4 16. Qd1 Nxd2 17. Qxd2 Qg5 18. Kh1 Nc4 19. Qf2 Bd7 20. h4 Qf6 21.
Bxd5 Qxf2 22. Rxf2 Be6 23. Bxb7 Rab8 24. Bc6 Rec8 25. d5 Bg4 26. Nxg4 Nxb2 27.
Ref1 1-0

[Event "IX Floripa Chess Open Fort Atacadista"]
[Site "Florianópolis - Santa Catari"]
[Date "2023.01.23"]
[Round "1.157"]
[White "Sombrio, Otto De Henrique"]
[Black "Freitas, Ronan Cunha"]
[Result "0-1"]
[WhiteElo "1239"]
[BlackElo "1898"]
[PlyCount "34"]
[EventDate "2023.01.23"]
[EventRounds "10"]
[EventCountry "BRA"]

1. d4 Nf6 2. c4 g6 3. Nf3 Bg7 4. Nc3 O-O 5. e4 d6 6. Be2 e5 7. Be3 exd4 8. Nxd4
Re8 9. f3 c6 10. Qd2 d5 11. cxd5 cxd5 12. exd5 Nxd5 13. Nxd5 Qxd5 14. Nb5 Qe5
15. Bf4 Qxb5 16. Rb1 Bf5 17. Rc1 Bd3 0-1

[Event "IX Floripa Chess Open Fort Atacadista"]
[Site "Florianópolis - Santa Catari"]
[Date "2023.01.23"]
[Round "1.158"]
[White "Kayser, Gustavo Warmling"]
[Black "Esquinelato, Marcos Vinicius Mol"]
[Result "1-0"]
[WhiteElo "1898"]
[BlackElo "1237"]
[PlyCount "43"]
[EventDate "2023.01.23"]
[EventRounds "10"]
[EventCountry "BRA"]

1. d4 d5 2. c4 Nf6 3. cxd5 Nxd5 4. e4 Nb6 5. Nc3 e6 6. Nf3 c6 7. Bf4 Be7 8. Bd3
N8d7 9. Rc1 O-O 10. Bb1 Nc4 11. Qc2 f5 12. h4 b5 13. Ng5 Ndb6 14. O-O h6 15.
exf5 exf5 16. Nf3 Bxh4 17. a4 a6 18. Ba2 Be6 19. Ne5 Qxd4 20. Ne2 Qxb2 21. Qxb2
Nxb2 22. Bxe6+ 1-0

[Event "IX Floripa Chess Open Fort Atacadista"]
[Site "Florianópolis - Santa Catari"]
[Date "2023.01.23"]
[Round "1.159"]
[White "Marcal Braganca, Joao Victor"]
[Black "Cristino, Felipe Borges"]
[Result "0-1"]
[WhiteElo "1235"]
[BlackElo "1893"]
[PlyCount "68"]
[EventDate "2023.01.23"]
[EventRounds "10"]
[EventCountry "BRA"]

1. d4 c5 2. c3 d5 3. Nf3 Nf6 4. Bf4 e6 5. e3 Bd6 6. Bg5 Nbd7 7. Nbd2 O-O 8. Bd3
Be7 9. Bf4 b6 10. h3 Bb7 11. O-O Ne4 12. Qc2 f5 13. Ne5 Nxe5 14. Bxe5 Bd6 15.
Nf3 a6 16. Bxd6 Qxd6 17. Bxe4 dxe4 18. Ne5 b5 19. a4 b4 20. cxb4 cxd4 21. exd4
Qxd4 22. Nc6 Bxc6 23. Qxc6 Qxb4 24. Qxe6+ Kh8 25. b3 a5 26. Rac1 Rab8 27. Rc7
Qxb3 28. Qd7 Qb2 29. Ra7 Rbd8 30. Qc7 f4 31. h4 f3 32. h5 fxg2 33. h6 gxf1=Q+
34. Kxf1 Qxf2# 0-1